000 00551nam a2200193Ia 4500
005 20250508151520.0
008 008 250505s9999 xx 000 0 eng d
037 _aBooks to be hide in OPAC
040 _aFEDL
_beng
_cFEDL
041 _aeng
_2eng
084 _a973, ADA/O
_qFEDL
100 _aAdams James Truslow
245 0 _aRecord of America
260 _aNew York, USA
_bCharles Scribner's Sons
_c1949
300 _a980p.
700 _a Vannest Charles Garrett
_9759363
942 _cHB
_h973, ADA/O
999 _c1330291
_d1330291